Statistics for Countries Bordering Niger

Click here to take the quiz!

General Stats

  • This quiz has been taken 25 times
  • The average score is 7 of 7

Answer Stats

Border LengthCountries% Correct
1,175 km / 730 miChad
100%
1,497 km / 930 miNigeria
100%
956 km / 594 miAlgeria
96%
628 km / 390 miBurkina Faso
96%
266 km / 165 miBenin
92%
354 km / 220 miLibya
92%
821 km / 510 miMali
92%

Score Distribution

Percentile by Number Answered

Percent of People with Each Score

Your Score History

You have not taken this quiz